| 000 -CABECERA |
| fixed length control field |
02429nam a22003857a 4500 |
| 003 - IDENTIFICADOR DEL NÚMERO DE CONTROL |
| control field |
AR-CdUCM |
| 008 - DATOS DE LONGITUD FIJA--INFORMACIÓN GENERAL |
| fixed length control field |
190425b ||||| |||| 00| 0 spa d |
| 040 ## - FUENTE DE LA CATALOGACIÓN |
| Agencia/entidad que catalogó originalmente la obra |
MUNICIPALIDAD PROVINCIAL DEL CUSCO |
| Entidad que transcribió la catalogación |
BIBLIOTECA MUNICIPAL DEL CUSCO |
| 082 ## - NÚMERO DE LA CLASIFICACIÓN DECIMAL DEWEY |
| No. de Clasificación |
Rev.IAAC/N°4/1945 |
| 110 ## - ENTRADA PRINCIPAL--NOMBRE DE ENTIDAD CORPORATIVA |
| Nombre de la institución, jurisdicción como entrada principal |
Instituto Americano de Arte del Cuzco |
| 9 (RLIN) |
43770 |
| 245 ## - MENCIÓN DE TÍTULO |
| Título |
Revista del Instituto Americano de Arte / |
| 260 ## - PUBLICACIÓN, DISTRIBUCIÓN, ETC. |
| Lugar de publicación, distribución, etc. |
Cusco : |
| Nombre de la editorial, distribuidor, etc. |
Talleres gráficos La Económica, |
| Fecha de publicación, distribución, etc. |
1945. |
| 300 ## - DESCRIPCIÓN FÍSICA |
| Nº de Páginas Extensión |
122 páginas. : |
| Otros detalles físicos |
ilustraciones ; |
| Dimensiones |
24 cm. |
| 440 ## - MENCIÓN DE SERIE/PUNTO DE ACCESO ADICIONAL--TÍTULO |
| Título |
Revista del Instituto Americano de Arte Cuzco. |
| Número de la parte/sección de una obra |
Año IV, 1°y2° semestre de 1945, N°4. Vol.I |
| 9 (RLIN) |
46117 |
| 505 ## - NOTA DE CONTENIDO CON FORMATO |
| Nota de contenido formateada |
Contenido: La semana del Cuzco. -- La campana mayor del Cuzco. Jorge Cornejo Bouroncle. -- El Dr. Don Francisco de Miranda y Bengoa y su obra cumbre. Isaías Vargas. -- Los tesoros de la capital arqueológica de América su muy magnífica catedral y su valiosa y recargada custodia de oro y piedras preciosas. Manuel E. Cuadros. -- Arquitectura y simbolismo de la Cruz en el Cuzco. J. Rafael Calderón P. -- Hacia nuestra América. Alfredo Yépez Miranda. -- Folklore Nacional contribución a la bibliografía del folklore peruano. Víctor Navarro del Águila. -- La justicia del Acorasi de las tradiciones del Cuzco. Ángel Carreño. -- Los Anales del Cuzco y su presunto autor don Diego de Esquivel y Navia. Horacio Villanueva U. -- Galería de arte cuzqueño. Julio Gutiérrez. -- Arte popular el Santurantikuy. Julio Gutiérrez. -- Memoria del presidente del IAAC Luis Felipe Paredes año de 1944. -- Itinerario de la canción antología. Luis Nieto. -- Cuaderno de la revista del IAAC. -- Viñetas y xilograbados de Julio Aybar. |
| 650 ## - PUNTO DE ACCESO ADICIONAL DE MATERIA--TÉRMINO DE MATERIA |
| Descriptor |
Arte popular |
| 9 (RLIN) |
9558 |
| 650 ## - PUNTO DE ACCESO ADICIONAL DE MATERIA--TÉRMINO DE MATERIA |
| Descriptor |
Arte cusqueño |
| 9 (RLIN) |
13165 |
| 650 ## - PUNTO DE ACCESO ADICIONAL DE MATERIA--TÉRMINO DE MATERIA |
| Descriptor |
Historia del Cusco |
| 9 (RLIN) |
1714 |
| 650 ## - PUNTO DE ACCESO ADICIONAL DE MATERIA--TÉRMINO DE MATERIA |
| Descriptor |
Tradiciones cusqueñas |
| 9 (RLIN) |
31110 |
| 650 ## - PUNTO DE ACCESO ADICIONAL DE MATERIA--TÉRMINO DE MATERIA |
| Descriptor |
Arquitectura católica |
| 9 (RLIN) |
46118 |
| 650 ## - PUNTO DE ACCESO ADICIONAL DE MATERIA--TÉRMINO DE MATERIA |
| Descriptor |
Fiestas populares |
| 9 (RLIN) |
34730 |
| 650 ## - PUNTO DE ACCESO ADICIONAL DE MATERIA--TÉRMINO DE MATERIA |
| Descriptor |
Folcklore |
| 9 (RLIN) |
46108 |
| 650 ## - PUNTO DE ACCESO ADICIONAL DE MATERIA--TÉRMINO DE MATERIA |
| Descriptor |
Literatura cusqueña |
| 9 (RLIN) |
46110 |
| 650 ## - PUNTO DE ACCESO ADICIONAL DE MATERIA--TÉRMINO DE MATERIA |
| Descriptor |
Poetas cusqueños |
| 9 (RLIN) |
5956 |
| 650 ## - PUNTO DE ACCESO ADICIONAL DE MATERIA--TÉRMINO DE MATERIA |
| Descriptor |
Santurantikuy |
| 9 (RLIN) |
46119 |
| 700 ## - PUNTO DE ACCESO ADICIONAL--NOMBRE DE PERSONA |
| Nombre Personal |
Yépez Miranda, Alfredo |
| 9 (RLIN) |
4230 |
| 700 ## - PUNTO DE ACCESO ADICIONAL--NOMBRE DE PERSONA |
| Nombre Personal |
Navarro del Águila, Víctor |
| 9 (RLIN) |
32360 |
| 700 ## - PUNTO DE ACCESO ADICIONAL--NOMBRE DE PERSONA |
| Nombre Personal |
Gutiérrez Loayza, Julio |
| 9 (RLIN) |
46116 |
| 700 ## - PUNTO DE ACCESO ADICIONAL--NOMBRE DE PERSONA |
| Nombre Personal |
Cornejo Bouroncle, Jorge |
| 9 (RLIN) |
15278 |
| 700 ## - PUNTO DE ACCESO ADICIONAL--NOMBRE DE PERSONA |
| Nombre Personal |
Nieto Miranda, Luis |
| 9 (RLIN) |
31822 |
| 700 ## - PUNTO DE ACCESO ADICIONAL--NOMBRE DE PERSONA |
| Nombre Personal |
Carreño, Ángel |
| 9 (RLIN) |
27901 |
| 700 ## - PUNTO DE ACCESO ADICIONAL--NOMBRE DE PERSONA |
| Nombre Personal |
Villanueva Urteaga, Horacio |
| 9 (RLIN) |
5790 |
| 942 ## - ELEMENTOS DE PUNTO DE ACCESO ADICIONAL (KOHA) |
| Fuente de clasificación |
|
| Tipo de item |
Revistas cusqueñas |
| 945 ## - PROCESAMIENTO DE INFORMACIÓN LOCAL (OCLC) |
| Catalogador |
rac |